Educational trends in kenya: A vocational perspectives / (Record no. 1025)

000 -LEADER
fixed length control field 00828nam a22001937a 4500
003 - CONTROL NUMBER IDENTIFIER
control field OSt
005 - DATE AND TIME OF LATEST TRANSACTION
control field 20140116120843.0
008 - FIXED-LENGTH DATA ELEMENTS--GENERAL INFORMATION
fixed length control field 121107b xxu||||| |||| 00| 0 eng d
020 ## - INTERNATIONAL STANDARD BOOK NUMBER
International Standard Book Number 9966221352
040 ## - CATALOGING SOURCE
Original cataloging agency LoC
Language of cataloging English
050 ## - LIBRARY OF CONGRESS CALL NUMBER
Classification number LC1047.K46 T85 1996
100 ## - MAIN ENTRY--PERSONAL NAME
Personal name Tum, P.C
245 ## - TITLE STATEMENT
Title Educational trends in kenya: A vocational perspectives /
Statement of responsibility, etc P.C. Tum
300 ## - PHYSICAL DESCRIPTION
Extent viii.:118p.
501 ## - WITH NOTE
With note Includes appendix and bibliography
505 ## - FORMATTED CONTENTS NOTE
Formatted contents note Introduction---Educational policy in the colony---Educational for national development: (1860-1960)---Non - formal vocational training---Educational and vocationalisation---the educational sub-cultures education provision and control---a profile of the traditional African system of education---Educational changes and development.
650 ## - SUBJECT ADDED ENTRY--TOPICAL TERM
Topical term or geographic name as entry element education
942 ## - ADDED ENTRY ELEMENTS (KOHA)
Source of classification or shelving scheme
Koha item type Book
Holdings
Withdrawn status Lost status Source of classification or shelving scheme Damaged status Not for loan Home library Current library Date acquired Total Checkouts Full call number Barcode Date last seen Date checked out Copy number Price effective from Koha item type
          Riara University Library Riara University Library 07/11/2012 2 LC1047.K46 T85 1996 3586/12 15/05/2018 12/04/2018 C.1 07/11/2012 Book
          Riara University Library Riara University Library 07/11/2012 2 LC1047.K46 T85 1996 3585/12 12/03/2014 04/03/2014 C.2 07/11/2012 Book
          Riara University Library Riara University Library 01/03/2013 1 LC1047.K46 T85 1996 3963/13 21/11/2016 10/11/2016 C.3 01/03/2013 Book
          Riara University Library Riara University Library 01/03/2013 3 LC1047.K46 T85 1996 3964/12 24/11/2016 10/11/2016 C.4 01/03/2013 Book

Riara University Library,
P.O. Box 49940-00100,
Nairobi, Kenya.